Fábulas que ninguém me contou (Registo nº 2168)

Detalhes MARC
000 -Etiqueta do registo
Cabeçalho 00778nam a22002771 4500
005 - Identificador da versão
Campo de controlo 20240813121926.0
095 ## -
-- PTBN00927158
100 ## - Dados gerais de processamento
Dados gerais de processamento 19990925d197 da y0pory5003 ba
102 ## - Pais de publicação ou produção
País de publicação Portugal
101 0# - Língua de publicação
Língua do texto, banda sonora, etc. Português
106 ## - Campo de dados codificados: material textual
Dados codificados do material textual r
105 ## - Campo de dados codificados: livros
Dados codificados dos livros a z 001zy
215 ## - Descrição física 
Indicação específica da natureza do documento e extensão da espécie 45 p.
Outras indicações físicas il.
Dimensões 24 cm
200 1# - Titulo e menção de responsabilidade
Título próprio Fábulas que ninguém me contou
Primeira menção de responsabilidade Ricardo Alberty
Outras menções de responsabilidade il. Fred
225 2# - Colecção 
Título próprio da colecção A rä que ri
Indicação de volume 7
210 ## - Publicação, Distribuição, etc. 
Lugar da edição, distribuição, etc. Lisboa
Nome do editor, distribuidor, etc. Plátano
Data da publicação, distribuição, etc. [197-]
606 ## - Nome comum usado como assunto
Número de registo de entrada de autoridade 0000364
Palavra de ordem Literatura portuguesa infanto-juvenil
Subdivisão de assunto Conto
Número de registo de entrada de autoridade 0000976
Palavra de ordem Fábulas
675 ## - Classificação Decimal Universal (CDU)
Notação 821.134.3-34
Edição
Língua da edição por
702 #0 - Nome de autor-pessoa física (responsabilidade secundária)
Número de registo de entrada de autoridade 0000977
Palavra de ordem Fred
Elementos de identificação ou distinção pseud.
Código de função Ilustrador / Técnico de desenho computorizado
700 #1 - Nome de autor-pessoa física (responsabilidade principal)
Número de registo de entrada de autoridade 0000596
Palavra de ordem Alberty
Outra parte do nome não tomada para palavra de ordem Ricardo
Datas 1919-1992
942 ## - Elementos de entrada adicionados (Koha)
Tipo de item no Koha Livro
Exemplares
Situação do levantamento Origin of item (home branch) (coded) Biblioteca de empréstimo Código de barras Cota Circulation type (not for loan) Tipo de documento Nota do exemplar Damaged status
  Biblioteca Escolar da Coca Maravilhas Biblioteca Escolar da Coca Maravilhas BECM4524/99 8POR ALB   Livro Sem mensagem